| 000 | 01615nam0a2200385 4500 | ||
|---|---|---|---|
| 001 | RU\NLR\BIBL_A\022395266 | ||
| 005 | 20260313151038.0 | ||
| 010 |
_a978-5-6051259-4-5 _91500 |
||
| 021 |
_aRU _bКН-П-24-063811 _9КН-П-24-6339 |
||
| 035 | _a(NLR Aleph) 022395266 | ||
| 090 |
_a13635168 _c13635168 |
||
| 100 | _a20241128d2024 k y0rusy50 ca | ||
| 101 | 0 | _arus | |
| 102 | _aRU | ||
| 105 | _aa z 000zy | ||
| 181 | 0 |
_ai _baxxe |
|
| 181 | 0 |
_ab2 _bbb2e |
|
| 182 | 0 | _an | |
| 200 | 1 |
_aКамера? Мотор! _e[для детей младшего и среднего школьного влзраста] _fОльга Коробкова _gхудожник: Руслан Трофимов |
|
| 203 |
_aТекст _aИзображение _bвизуальные _cнепосредственные |
||
| 210 |
_aРыбинск _cМедиарост _d2024 |
||
| 215 |
_a50, [1] с. _cил., цв. ил. _d31 |
||
| 606 | 1 |
_aАвиационные двигатели _jИздания для детей _xПроизводство _92200520 _3RU\NLR\AUTH\661322349 |
|
| 686 | 0 | _aШ9(2)60=Р7-4 | |
| 686 | 0 | _aШ9(2)62=Р7-4 | |
| 686 | 0 |
_aШ9 _bО |
|
| 700 | 1 |
_7ca _8rus _aКоробкова _bО. А. _cписатель, фантастика, фэнтези _f1987- _gОльга Анатольевна _92700642 _3RU\NLR\AUTH\770290991 |
|
| 702 | 1 |
_aТрофименко _bР. Ф. _gРуслан Фёдорович _4040 |
|
| 942 | _cBOOK | ||
| 980 | _aNB | ||